| 000 | 00447nam a2200157Ia 4500 | ||
|---|---|---|---|
| 005 | 20250626021225.0 | ||
| 008 | 240331s9999 xx 000 0 und d | ||
| 020 | _a9559588303 | ||
| 082 |
_bADA _a352 |
||
| 100 | _aAdagama.M | ||
| 245 | 0 | _aSri Lankawe gamsabha kramaye ithihasaya | |
| 260 |
_aDivulapitiya _bSaraswati Publishing & Printers _c1997 |
||
| 300 | _a197 p ., | ||
| 500 | _aHistory of the Village Council System in Sri Lanka | ||
| 942 | _cL | ||
| 999 |
_c5185 _d5185 |
||